[Event "HCL-A068"]
[Site "www.playchess.de"]
[Date "2001.02.23"]
[Round "33"]
[White "stud"]
[Black "peze"]
[WhiteElo "1180"]
[BlackElo "1939"]
[PlyCount "40"]
[Result "0-1"]

1.e4 e5 2.Nf3 {gl 2 u}  Nf6 3.Nc3 Nc6 4.Bc4 Nxe4 
5.Nxe4 d5 6.Bxd5 Qxd5 7.Nc3 Qd8 8.d3 Bg4 9.O-O Nd4 
10.Kh1 Qd6 11.Ne4 Qd5 12.Rg1 Bxf3 13.gxf3 f5 14.c4 
Qc6 15.Nd2 O-O-O 16.b4 Bxb4 17.Rg3 Ne6 18.a3 Bc3 
19.Ra2 Rxd3 20.Qc2 Rhd8 0-1

[Event "HCL-C161"]
[Site "www.playchess.de"]
[Date "2001.02.23"]
[Round "12"]
[White "man"]
[Black "Zooey"]
[WhiteElo "1000"]
[BlackElo "1601"]
[PlyCount "28"]
[Result "0-1"]

1.e4 e5 {Hello!}  2.Nf3 {hey wazzz up}  Nc6 {not 
much ... come here often?}  3.Bc4 {i am new, but i 
will start coming often.   :)}  Nf6 4.d3 d5 5.exd5 
Nxd5 6.Bxd5 Qxd5 7.Nc3 Bb4 8.Bd2 Qd6 9.Qe2 Bg4 
10.O-O O-O-O 11.Ne4 Qg6 12.c3 Ba5 13.b4 Bb6 14.a4 
a6 0-1

[Event "HCL-C161"]
[Site "www.playchess.de"]
[Date "2001.02.23"]
[Round "13"]
[White "Translightor"]
[Black "man"]
[WhiteElo "1280"]
[BlackElo "1000"]
[PlyCount "35"]
[Result "1-0"]

1.e4 {Hello & Good Luck!}  e5 {gl 2 u 2}  2.Nf3 
Nc6 3.Bb5 Bc5 4.O-O Nge7 5.Nxe5 Nxe5 6.d4 Bxd4 
7.Qxd4 N5c6 8.Qxg7 Ng6 9.Bc4 Qe7 10.Nc3 Nce5 
11.Bb3 Qf8 12.Qxf8+ Nxf8 13.Bg5 Rg8 14.Bf4 d6 
15.g3 Nfg6 16.Bxe5 Nxe5 17.f4 Ng4 
18.Nd5 1-0

[Event "ACL-A084"]
[Site "www.playchess.de"]
[Date "2001.02.23"]
[Round "12"]
[White "man"]
[Black "hun"]
[WhiteElo "1500"]
[BlackElo "1620"]
[PlyCount "24"]
[Result "0-1"]

1.e4 Nf6 2.Nc3 e6 3.d4 d5 4.exd5 exd5 5.Bd3 Nc6 
6.Nge2 Nb4 7.O-O Be7 8.Bg5 O-O 9.Re1 Nxd3 10.Qxd3 
h6 11.Bxf6 Bxf6 12.Nf4 c6 0-1

[Event "ACL-A084"]
[Site "www.playchess.de"]
[Date "2001.02.23"]
[Round "14"]
[White "man"]
[Black "Brent"]
[WhiteElo "1500"]
[BlackElo "1500"]
[PlyCount "61"]
[Result "1-0"]

1.e4 e5 2.Nf3 Nc6 3.Bc4 Bc5 4.O-O d6 5.d3 Nf6 
6.Be3 Bb6 7.Bxb6 axb6 8.Nbd2 Be6 9.Bxe6 fxe6 10.c3 
O-O 11.h3 Ne7 12.Nh2 Ng6 13.Ng4 Nxg4 14.Qxg4 Qf6 
15.b4 Rf7 16.a4 Raf8 17.c4 Nf4 18.Qf3 Qh4 19.a5 
bxa5 20.Rxa5 c6 21.Rfa1 Nxg2 22.Qxg2 R7xf2 23.Qg4 
Qxg4+ 24.hxg4 Rxd2 25.R1a3 Rf3 26.R5a8+ Kf7 
27.R3a7 Rg3+ 28.Kf1 Rdxd3 29.Rxb7+ Kg6 30.Rg8 Rxg4 
31.Rbxg7+ 1-0

[Event "HCL-B159"]
[Site "www.playchess.de"]
[Date "2001.02.23"]
[Round "10"]
[White "shepherd"]
[Black "iq160"]
[WhiteElo "1342"]
[BlackElo "998"]
[PlyCount "74"]
[Result "0-1"]

1.e4 e5 {nette website. wollte auch schon lange 
mal eine erstellen, bin aber viel zu faul. schönes 
spiel}  2.Nf3 Nc6 3.Bb5 Nge7 4.c3 g6 5.d4 exd4 
6.cxd4 d5 7.e5 h6 8.O-O Bg4 9.Qd3 a6 10.Bxc6+ bxc6 
11.Nc3 Bxf3 12.Qxf3 Nf5 13.Be3 Bg7 14.Kh1 O-O 
15.g4 Nxe3 16.Qxe3 c5 17.Ne2 cxd4 18.Nxd4 Re8 
19.f4 c5 20.Nf3 Rb8 21.Qxc5 Qd7 22.h3 h5 23.Rad1 
Red8 24.b3 Rbc8 25.Qg1 Rc2 26.Rd2 Rxd2 27.Nxd2 d4 
28.Ne4 d3 29.Kh2 hxg4 30.hxg4 Rc8 31.f5 Rc2+ 
32.Rf2 Bxe5+ 33.Kg2 Qd5 34.Qe1 Bc3 35.Rxc2 Bxe1 
36.Rc4 d2 37.Kf1 Qxc4+ 0-1

[Event "HCL-A071"]
[Site "www.playchess.de"]
[Date "2001.02.23"]
[Round "7"]
[White "Stema"]
[Black "Brent"]
[WhiteElo "1686"]
[BlackElo "1158"]
[PlyCount "43"]
[Result "1-0"]

1.d4 Nf6 2.c4 e6 3.Nc3 c5 4.d5 d6 5.e4 exd5 6.cxd5 
a6 7.Qa4+ Bd7 8.Qb3 b5 9.f3 Qa5 10.Bf4 c4 11.Bxc4 
b4 {that was a mistake by you, what if i do this, 
i gain much developement, or the queen, just a 
warning}  12.Nce2 {I am not very sure, if it was a 
mistake, but we will see.}  Ba4 13.Qe3 Nbd7 {see, 
i gained a loot of developement for that unneaded 
pawn}  14.Rc1 Nb6 15.Bb3 Be7 16.Nd4 O-O 17.Bxa4 
Qxa4 18.Nf5 Bd8 19.Bxd6 Re8 20.Ne2 Qxa2 21.Qd4 
Nfd7 22.Qxg7+ 1-0

[Event "HCL-C166"]
[Site "www.playchess.de"]
[Date "2001.02.23"]
[Round "2"]
[White "Pocman"]
[Black "tiberiuskirk"]
[WhiteElo "1600"]
[BlackElo "1100"]
[PlyCount "33"]
[Result "1-0"]

1.e4 e6 2.d4 d5 3.Nd2 Nf6 4.e5 Nfd7 5.Bd3 c5 6.c3 
Nc6 7.Ne2 cxd4 8.cxd4 f6 9.exf6 Nxf6 10.O-O Bd6 
11.Nf3 O-O 12.Ng3 Ng4 13.Bxh7+ Kxh7 14.Ng5+ Kg8 
15.Qxg4 Qf6 16.Nh5 Qh6 17.Nf7 1-0

[Event "HCL-A071"]
[Site "www.playchess.de"]
[Date "2001.02.23"]
[Round "22"]
[White "Brent"]
[Black "Rifleman"]
[WhiteElo "1158"]
[BlackElo "1678"]
[PlyCount "34"]
[Result "1/2-1/2"]

1.e4 e5 2.Nf3 Nf6 3.Nc3 Nc6 4.Bc4 Bb4 5.d3 O-O 
6.Bd2 h6 7.O-O Bxc3 8.Bxc3 d5 9.exd5 Nxd5 10.Bxd5 
Qxd5 11.Re1 Bg4 12.Re3 f5 13.Qe1 Bxf3 14.Rxf3 Rae8 
15.a3 Nd4 16.Bxd4 exd4 17.Qd2 Re7 1/2-1/2

[Event "HCL-B160"]
[Site "www.playchess.de"]
[Date "2001.02.23"]
[Round "11"]
[White "King_Safety"]
[Black "waz2000"]
[WhiteElo "1269"]
[BlackElo "1967"]
[PlyCount "48"]
[Result "0-1"]

1.d4 d5 2.Nf3 Nc6 3.c3 Bf5 4.Bf4 e6 5.Nbd2 Bd6 
6.Ne5 Bxe5 7.dxe5 g5 8.Bg3 Nge7 9.e3 h5 10.Be2 h4 
11.Bf4 gxf4 12.exf4 Qd7 13.Nb3 b6 14.O-O h3 15.g3 
a6 16.Bh5 O-O-O 17.Bxf7 Ng6 18.Bxg6 Bxg6 19.Qg4 
Bh5 20.Qxh3 Bf3 21.Qxh8 Rxh8 22.Nd4 Nxd4 23.cxd4 
Rxh2 24.Kxh2 Qh7+ 0-1

[Event "HCL-C167"]
[Site "www.playchess.de"]
[Date "2001.02.23"]
[Round "18"]
[White "Lubika"]
[Black "Player"]
[WhiteElo "1000"]
[BlackElo "1585"]
[PlyCount "25"]
[Result "1-0"]

1.Nf3 Nf6 2.Nc3 Nc6 3.e4 e5 4.d4 exd4 5.Nxd4 Bb4 
6.Bb5 Nxe4 7.O-O Bxc3 8.bxc3 O-O 9.Bd3 Nf6 10.Nf5 
Re8 11.Be3 d5 12.Nd4 Ne5 13.h3 1-0

[Event "HCL-E025"]
[Site "www.playchess.de"]
[Date "2001.02.23"]
[Round "5"]
[White "Lukos"]
[Black "peze2"]
[WhiteElo "2000"]
[BlackElo "2103"]
[PlyCount "47"]
[Result "1/2-1/2"]

1.d4 {Hello!}  Nf6 {Hello! Let's have a nice 
game.}  2.c4 c5 3.d5 b5 4.cxb5 a6 5.bxa6 g6 6.Nc3 
Bxa6 7.e4 Bxf1 8.Kxf1 d6 9.Nf3 Bg7 10.g3 O-O 
11.Kg2 Nbd7 12.Re1 Ng4 13.Re2 Qb6 14.Bf4 Rfb8 
15.h3 Nge5 16.Nxe5 Nxe5 17.Bxe5 Bxe5 18.f4 Bxc3 
19.bxc3 Qb5 20.Qd2 Qc4 21.h4 Kg7 22.f5 Rb7 23.fxg6 
hxg6 24.Rc1 1/2-1/2

[Event "HCL-C174"]
[Site "www.playchess.de"]
[Date "2001.02.23"]
[Round "14"]
[White "Stef"]
[Black "jjbranc"]
[WhiteElo "1199"]
[BlackElo "1000"]
[PlyCount "60"]
[Result "0-1"]

1.e4 e5 2.c4 Nc6 3.d3 Nf6 4.Bg5 g6 5.h4 Bg7 6.a4 
d6 7.g3 O-O 8.f4 exf4 9.gxf4 Qe8 10.Qf3 Nd4 11.Qe3 
Nc2+ 12.Kd1 Nxe3+ 13.Ke1 Nxf1 14.Kxf1 Ng4 15.b3 
Ne3+ 16.Ke2 Nc2 17.Ra2 Nd4+ 18.Ke3 Qe6 19.Nf3 Nxb3 
20.Ra3 Nc5 21.Nc3 h6 22.Rg1 Re8 23.Rb1 Bxc3 24.Rc1 
Nxd3 25.Kxd3 Qxe4+ 26.Kxc3 Qxf3+ 27.Kb2 Re2+ 
28.Rc2 Qe4 29.Bf6 Qxc2+ 30.Ka1 Qc1+ {checkmate.} 
 0-1

[Event "HCL-B171"]
[Site "www.playchess.de"]
[Date "2001.02.23"]
[Round "21"]
[White "Westqualmer"]
[Black "Franky"]
[WhiteElo "1842"]
[BlackElo "1901"]
[PlyCount "73"]
[Result "1-0"]

1.d4 Nf6 {Hello, nice to meet you}  2.c4 {hello}  
g6 3.Nc3 Bg7 4.e4 {hi}  d6 {hello}  5.Nf3 O-O 
6.Be2 e5 7.O-O Nc6 8.d5 Ne7 9.Nd2 a5 10.a3 Bd7 
11.b3 c6 12.Rb1 Ne8 13.b4 f5 14.bxa5 Qc7 15.Qb3 
Nf6 16.Qxb7 Qxa5 17.Qb4 fxe4 18.Ndxe4 Nxe4 19.Nxe4 
Bf5 20.f3 Qa7+ 21.Qb6 cxd5 22.cxd5 Rfc8 23.Qxa7 
Rxa7 24.g4 Bxe4 25.fxe4 h6 26.g5 Kh7 27.Rb6 Rc2 
28.Ba6 Rd7 29.a4 Ra2 30.Bb5 Rc7 31.Be3 Rc3 32.Bf2 
Nc8 33.Rc6 Rcc2 34.h4 hxg5 35.hxg5 Rab2 36.a5 Bf8 
37.Bd3 1-0

[Event "HCL-B174"]
[Site "www.playchess.de"]
[Date "2001.02.23"]
[Round "8"]
[White "Whatever"]
[Black "Gruhni"]
[WhiteElo "1500"]
[BlackElo "1350"]
[PlyCount "63"]
[Result "1-0"]

1.e4 e5 2.Nf3 {Guten Tag Gruhni. Have a good 
game.}  Nc6 {Hello from Frankfurt in Germany! Good 
game to you, too!}  3.Bc4 {Guten Morgen aus der 
USA. I was in Frankfurt already.}  Bc5 4.b4 Bxb4 
5.c3 Bc5 6.O-O Nf6 7.d4 exd4 8.cxd4 Bb6 9.e5 Ng4 
10.h3 Nh6 11.Bg5 Ne7 12.d5 d6 13.Re1 Nhf5 14.Nc3 
h6 15.Bxe7 Nxe7 16.exd6 cxd6 17.Qe2 Ba5 18.Rac1 f6 
19.Nd4 Kf7 20.Ne6 Bxe6 21.Qxe6+ Kf8 22.Nb5 Bxe1 
23.Nxd6 {a fast finish that we are staging.}  
Bxf2+ {Yeah!}  24.Kxf2 Qb6+ 25.Kf3 Qxd6 26.Qxd6 
Rc8 27.Qe6 b5 28.d6 Rxc4 29.dxe7+ Ke8 30.Rxc4 bxc4 
31.Qc8+ Kxe7 32.Qxh8 1-0

[Event "ACL-M001"]
[Site "www.playchess.de"]
[Date "2001.02.23"]
[Round "6"]
[White "Utesch"]
[Black "peze"]
[WhiteElo "1855"]
[BlackElo "1908"]
[PlyCount "47"]
[Result "1/2-1/2"]

1.d4 {Hallo, so trifft man sich wieder! Alles Gute 
Wolfgang}  Nf6 {...nur eine Etage höher. Hallo 
Wolfgang, alles Gute. Peter}  2.c4 e6 3.Nf3 {.}  
b6 4.a3 Ba6 5.Qc2 Bb7 6.Nc3 c5 7.e4 cxd4 8.Nxd4 
Nc6 9.Nxc6 Bxc6 10.Qe2 d6 {10.De2 überrascht mich! 
Hatte ich noch nicht auf dem Brett.}  11.g3 {Ach, 
ich dachte mir: 'Öfter mal was Neues!'}  a6 {:-)}  
12.Bg2 {.}  Be7 13.O-O Qc7 14.Bf4 Nd7 15.Rfd1 Rd8 
16.Rac1 Bb7 17.b3 O-O 18.Be3 Rdc8 19.f4 Rfd8 
20.Qf2 Bf6 21.Bd4 Bxd4 22.Qxd4 Nf6 23.h3 e5 {Hallo 
Wolfgang, ich glaube das Spiel endet wieder 
remis.}  24.Qe3 {Du hast wohl recht! Viel Glück 
weiterhin. Es wird gegen rht431 wohl für uns alle 
nicht so leicht!}  1/2-1/2

[Event "HCL-A079"]
[Site "www.playchess.de"]
[Date "2001.02.23"]
[Round "4"]
[White "THE-WARRIOR"]
[Black "One_i"]
[WhiteElo "1700"]
[BlackElo "1600"]
[PlyCount "105"]
[Result "1/2-1/2"]

1.d4 Nf6 2.c4 e6 {good luck to you from Canada}  
3.Nf3 b6 4.Nc3 Bb7 5.e3 Bb4 6.Bd2 O-O 7.Bd3 d6 
8.O-O Nbd7 9.a3 Bxc3 10.Bxc3 Ne4 11.Rc1 f5 12.b4 
Nxc3 13.Rxc3 e5 14.Be2 e4 15.Nd2 Rf6 16.f3 a5 
17.fxe4 fxe4 18.d5 axb4 19.axb4 Qe7 20.Bg4 Nf8 
21.Rxf6 gxf6 22.Rc1 Qe5 23.Nb3 f5 24.Bh3 Bc8 
25.Nd4 Ng6 26.Qh5 f4 27.Qxe5 dxe5 28.Be6+ Kg7 
29.Bxc8 exd4 30.Bf5 dxe3 31.Bxe4 Re8 32.Bxg6 Kxg6 
33.c5 b5 34.Kf1 Kf5 35.d6 cxd6 36.cxd6 Ke4 37.Ke2 
Rd8 38.Rc6 Kd5 39.Rc5+ Kxd6 40.Rxb5 Re8 41.Rh5 Rg8 
42.Kf3 e2 43.Kxe2 Rxg2+ 44.Kf3 Rb2 45.Kxf4 Rxb4+ 
46.Kg5 Rb5+ 47.Kh6 Rxh5+ 48.Kxh5 Ke5 49.Kh6 Kf4 
50.h4 Kg4 51.h5 Kh4 52.Kxh7 Kxh5 
53.Kg7 1/2-1/2

[Event "HCL-C184"]
[Site "www.playchess.de"]
[Date "2001.02.23"]
[Round "15"]
[White "Stef"]
[Black "ChessHammer"]
[WhiteElo "957"]
[BlackElo "1071"]
[PlyCount "50"]
[Result "0-1"]

1.d4 Nf6 2.Nc3 g6 3.e4 d6 4.Nf3 Bg7 5.Qd3 O-O 
6.Bf4 Re8 7.Ng5 Nbd7 8.Qc4 e6 9.Nb5 a6 10.Nc3 c5 
11.dxc5 d5 12.Qb4 dxe4 13.Ncxe4 Nxe4 14.Nxe4 Nf6 
15.Bg5 h6 16.Bh4 g5 17.Bg3 Nxe4 18.Qxe4 Bxb2 
19.Rb1 Bc3+ 20.Ke2 Qd2+ 21.Kf3 f5 22.Qc4 g4+ 
23.Qxg4+ fxg4+ 24.Kxg4 e5+ 25.Kh5 
Qg5+ 0-1

[Event "HCL-A079"]
[Site "www.playchess.de"]
[Date "2001.02.23"]
[Round "16"]
[White "Gorodish"]
[Black "THE-WARRIOR"]
[WhiteElo "1699"]
[BlackElo "1700"]
[PlyCount "71"]
[Result "1-0"]

1.d4 d5 2.Bg5 Nf6 3.Bxf6 exf6 4.Nf3 Bd6 5.e3 O-O 
6.Be2 Bg4 7.h3 Bh5 8.O-O Nd7 9.Nbd2 c6 10.c4 Rc8 
11.Qb3 Qb6 12.Qxb6 axb6 13.a3 Rfe8 14.Rac1 Nf8 
15.cxd5 cxd5 16.g4 Bg6 17.Nh4 h6 18.Nxg6 Nxg6 
19.Bf3 Nh4 20.Bxd5 Rcb8 21.Nc4 Bc7 22.Na5 Bh2+ 
23.Kxh2 bxa5 24.Rc7 Red8 25.Bxf7+ Kf8 26.Kg3 g5 
27.Be6 Rd6 28.Rf7+ Ke8 29.d5 Ng6 30.Rxf6 Nf8 
31.Bf7+ Ke7 32.Rxd6 Kxd6 33.f4 Nd7 34.fxg5 Rf8 
35.g6 Ke7 36.g7 1-0

[Event "HCL-E028"]
[Site "www.playchess.de"]
[Date "2001.02.23"]
[Round "7"]
[White "peze2"]
[Black "Jeroen"]
[WhiteElo "2294"]
[BlackElo "2164"]
[PlyCount "55"]
[Result "1-0"]

1.c4 e5 {Good luck! (Hals und Beinbruch :))}  
2.Nc3 {Good luck! Ich wünsche uns ein schönes 
Spiel.}  Nf6 3.Nf3 Nc6 4.g3 Bb4 5.Bg2 O-O 6.O-O 
Re8 7.Nd5 Bc5 8.d3 Nxd5 9.cxd5 Nd4 10.Nd2 d6 11.e3 
Nf5 12.Nc4 Ne7 13.Bd2 c6 14.dxc6 Nxc6 15.Bc3 Qc7 
16.d4 exd4 17.exd4 Bb4 18.d5 Bxc3 19.dxc6 Be5 
20.Rc1 b5 21.Nxe5 dxe5 22.Re1 a6 23.f4 Be6 24.Rxe5 
Bxa2 25.Rxe8+ Rxe8 26.b3 Qb6+ 27.Kf1 Qe3 
28.Bd5 1-0

[Event "HCL-C189"]
[Site "www.playchess.de"]
[Date "2001.02.23"]
[Round "2"]
[White "Stef"]
[Black "Jasper_Hattink"]
[WhiteElo "827"]
[BlackElo "1000"]
[PlyCount "38"]
[Result "0-1"]

1.d4 {hello}  d5 2.e3 Nf6 {Yeah, hello too (I was 
still a little bit sleepy this morning)}  3.Bb5+ 
Nc6 4.Bxc6+ bxc6 5.c3 Rb8 6.Nf3 Ba6 {last move for 
today, meet you tomorrow again}  7.Ne5 Qd6 8.Qa4 
Rb6 9.g3 g6 10.Nd2 Ne4 11.b3 Nxc3 12.Ba3 Nxa4 
13.bxa4 Qxa3 14.Ndc4 Qc3+ 15.Kd1 Qxa1+ 16.Ke2 Qxh1 
17.f4 Rb2+ 18.Kd3 Qe4+ 19.Kc3 Qc2+ 0-1

[Event "HCL-B164"]
[Site "www.playchess.de"]
[Date "2001.02.23"]
[Round "2"]
[White "Stefan"]
[Black "pird"]
[WhiteElo "1377"]
[BlackElo "1487"]
[PlyCount "41"]
[Result "1-0"]

1.e4 c6 2.d4 d5 3.exd5 cxd5 4.c4 Nf6 5.Nf3 Bg4 
6.Nc3 e6 7.Qa4+ Nc6 8.Ne5 Qc8 9.Nxg4 Nxg4 10.Be2 
Nf6 11.O-O dxc4 12.Bxc4 a6 13.d5 exd5 14.Bxd5 Nxd5 
15.Nxd5 b5 16.Qf4 Be7 17.Nc7+ Kf8 18.Nxa8 Qxa8 
19.Qe4 Qc8 20.Bf4 Na5 21.Rac1 1-0

[Event "HCL-B180"]
[Site "www.playchess.de"]
[Date "2001.02.23"]
[Round "12"]
[White "player27"]
[Black "dakini"]
[WhiteElo "1461"]
[BlackElo "1376"]
[PlyCount "70"]
[Result "1/2-1/2"]

1.c4 {hallo Thomas, auf ein spannendes Spiel 
wiedereinmal- Gr. andy}  c5 {Auf ein spannendes 
Spiel!}  2.g3 e6 3.Bg2 d5 4.Nf3 Nf6 5.O-O dxc4 
6.Ne5 Bd6 7.Nxc4 O-O 8.b4 a6 9.Bb2 Ra7 10.Qc2 b5 
11.Nxd6 Qxd6 12.bxc5 Qd8 13.Rc1 Bb7 14.f3 Nc6 
15.Qc3 b4 16.Qc4 a5 17.Qh4 Ba6 18.e3 Rd7 19.d4 Qb8 
20.Nd2 Nd5 21.Kf2 {so langsam gehen mir die Ideen 
aus}  Nc3 {Bin mal gespannt, wo das ganze 
hinläuft}  22.Bf1 {eins scheint sicher- diesmal 
machst du es mir gar nicht leicht *g*}  Bxf1 
23.Nxf1 {das letzte Spiel (C163) war auch ganz 
ok,jedoch sagen mir solch offene Spielweisen mehr 
zu : )}  Qb5 {Wie lief das denn bei Dir gegen 
Rüdiger?}  24.Bxc3 {ich versuche alles, ich 
beisse- aber spätestens im Endspiel ist der Ofen 
aus}  bxc3 {er ist wohl einer der stärksten 
Spieler hier.}  25.Kg1 {das ist wohl wahr, du hast 
mich ja schon vor unserem Treffen im Sommer 
gewarnt *g*}  Rfd8 26.Qe4 {wieder einmal spielt 
meine Alte nicht mit}  Nxd4 27.exd4 {so, du 
belebst wieder das Spiel : o mal schaun zu welchem 
Vorteil}  R7xd4 {Ich kann es noch nicht absehen 
... bin auch mal gespannt!}  28.Qe1 {du hast 
Druckspiel am Damenflügel- der weisse K und S 
stehen schlecht}  Qxc5 29.Qxc3 {das 
wahrscheinliche Txc3 ist mir doch etwas zu 
heiss...}  Rc4+ {Mal sehen was nun folgt ...}  
30.Qe3 {Erzwungen! meinte im vor. Zug Txc3 sei 
besser->ist aber nicht korrekt, ich kann Türme 
nicht verdoppe}  Rxc1 31.Rxc1 {nun folgt Txc1 
wieder erzw. (Qxc5? Txc5!) Turm futsch!Darf hier 
nicht passieren,im Blitzen(leider)ja}  Qxe3+ 
32.Nxe3 {wieder einziger (wieder eine kritische 
Situation heil überstanden, du schaffst es 
auchmal, nur Mut)!}  g6 33.Rd1 Rb8 34.Rd2 a4 
35.Kf2 {hallo Thomas,wenn du willst,machen wir 
hier in der etwas farblosen Partie Remis!?}  Kf8 
{Einverstanden! Dann können wir uns umso mehr auf 
die neue Partie konzentrieren ... :-))} 
 1/2-1/2

[Event "HCL-B183"]
[Site "www.playchess.de"]
[Date "2001.02.23"]
[Round "8"]
[White "BlueKnight"]
[Black "Translightor"]
[WhiteElo "1200"]
[BlackElo "1415"]
[PlyCount "64"]
[Result "0-1"]

1.e4 c5 2.Nc3 e6 3.Bc4 d6 4.Nf3 Nc6 5.O-O Nf6 6.d3 
Be7 7.Be3 O-O 8.Qd2 a6 9.d4 cxd4 10.Bxd4 Nxd4 
11.Qxd4 Qc7 12.b3 b5 13.Bd3 Bb7 14.Qe3 Qxc3 15.Ng5 
h6 16.e5 Qxe5 17.Nf3 Qxe3 18.fxe3 Nd5 19.Rae1 Nb4 
20.a3 Nxd3 21.cxd3 Rac8 22.e4 Rc3 23.d4 Rxb3 24.d5 
exd5 25.exd5 Bf6 26.Rec1 Bxd5 27.Nd2 Rxa3 28.Rf4 
Bg5 29.Rg4 Bxd2 30.Rc7 Be3+ 31.Kf1 Bc4+ 32.Ke1 
Ra1+ 0-1

[Event "HCL-B186"]
[Site "www.playchess.de"]
[Date "2001.02.23"]
[Round "2"]
[White "dg"]
[Black "Stephen21"]
[WhiteElo "1101"]
[BlackElo "1197"]
[PlyCount "65"]
[Result "1-0"]

1.e4 d5 2.e5 Nc6 3.d4 e6 4.Bb5 Bd7 5.Bxc6 Bxc6 
6.Nf3 g6 7.O-O Nh6 8.Nc3 Bb4 9.Bxh6 Bxc3 10.bxc3 
f5 11.Bg7 Rg8 12.Bf6 Qd7 13.Qd2 h6 14.Qxh6 Qf7 
15.Ng5 Qf8 16.Qxf8+ Rxf8 17.Nxe6 Rf7 18.Rfe1 Kd7 
19.Nf4 Rh7 20.Nxg6 Rg8 21.Nf4 Rg4 22.g3 Ba4 23.e6+ 
Ke8 24.Re5 c6 25.Rc1 Rh6 26.Rxf5 Rg8 27.Bg5 Rh7 
28.e7 Rgh8 29.h4 c5 30.Nxd5 Bc6 31.dxc5 Bxd5 
32.Rxd5 Rf7 33.Rd8+ 1-0

[Event "HCL-C191"]
[Site "www.playchess.de"]
[Date "2001.02.23"]
[Round "3"]
[White "Smutje"]
[Black "Martinio"]
[WhiteElo "941"]
[BlackElo "1000"]
[PlyCount "50"]
[Result "0-1"]

1.e3 d5 2.d4 Nf6 3.g4 Bxg4 4.f3 Bd7 5.e4 dxe4 
6.fxe4 Nxe4 7.Qf3 Bc6 8.Bc4 e6 9.Ne2 Qh4+ 10.Kd1 
Nf2+ 11.Qxf2 Qxf2 12.Re1 Be4 13.Bd2 Bf3 14.c3 Nc6 
15.Na3 Bxa3 16.bxa3 O-O 17.Rb1 e5 18.Rxb7 exd4 
19.Rxc7 dxc3 20.Bxc3 Rfd8+ 21.Kc2 Be4+ 22.Kb3 Qb6+ 
23.Ka4 Bc2+ 24.Bb3 Qa6+ 25.Ba5 
Qxa5+ 0-1

[Event "HCL-B185"]
[Site "www.playchess.de"]
[Date "2001.02.23"]
[Round "19"]
[White "SAROS"]
[Black "real1"]
[WhiteElo "1354"]
[BlackElo "1200"]
[PlyCount "85"]
[Result "1-0"]

1.e4 {Hello}  c5 {hello and good luck}  2.c3 Nc6 
3.Bb5 Nf6 4.Bxc6 {Hello :-)}  bxc6 5.d3 e5 6.Ne2 
d5 {hello :o) to you too}  7.Bg5 d4 8.O-O Be7 9.h3 
h6 10.Bh4 O-O 11.Nd2 Ba6 12.c4 Nd7 13.Bg3 Bd6 
14.Qa4 Qb6 15.Rfb1 Rfb8 16.b3 Bc8 17.Qa3 a5 18.Qc1 
Qa6 19.Nf3 a4 20.bxa4 Rxb1 21.Qxb1 Qxa4 22.Nh4 g6 
23.Qc1 g5 24.Nf5 Bf8 25.h4 f6 26.hxg5 fxg5 27.Bh2 
Nf6 28.Bxe5 Bxf5 29.Bxf6 Bg7 30.Bxg7 Kxg7 31.exf5 
Qa7 32.g4 Re8 33.Ng3 Qe7 34.Ne4 Rh8 35.Qa3 h5 
36.f3 h4 37.Qxc5 Qd7 38.Rb1 h3 39.Nxg5 h2+ 40.Kh1 
Kg8 41.Rb8+ Kg7 42.Rxh8 Kxh8 43.Qf8+ 1-0

[Event "HCL-M006"]
[Site "www.playchess.de"]
[Date "2001.02.23"]
[Round "23"]
[White "VladTepesh"]
[Black "rayschutt"]
[WhiteElo "2200"]
[BlackElo "2635"]
[PlyCount "46"]
[Result "0-1"]

1.a3 {ready for thy BLOODBATH}  d5 {And a happy 
St. Valentine's day to you .  Plus I eat lots of 
garlic.}  2.b4 {and a fair bloodpump day toooo 
youuuuuu}  e5 3.c3 {death to all who oppose Vlad 
the Impaler}  Bd6 {You sho8uld have the 
Translyvanian flag next to your name.}  4.Qa4+ 
{Let it be known that Im A patriot USA#1}  Nd7 
5.d4 {maybe you should have anouther flag by your 
name}  c6 6.Nf3 {good luck your move}  e4 7.Bg5 
{prepare too meet a true predator of the 
game........}  f6 8.Ne5 {your move}  fxg5 9.b5 
{your move}  Bxe5 10.dxe5 {you are very quiet 
whats up huh}  Nxe5 11.Qd4 {prepare too meet a 
true predator of the game........}  Qd6 12.Nd2 
{you are  a very worthy opponet}  Nf6 13.c4 {good 
move}  O-O 14.bxc6 {your move}  Nxc6 15.c5 {your 
move}  Nxd4 16.cxd6 {your move}  Nc2+ 17.Kd1 {I 
don't know why it would not let me castle,Can I 
castle while in check}  Nxa1 {No, not while in 
check}  18.e3 {I think your Ino your right}  Ng4 
19.h3 {you are a good player}  Nxf2+ {Thanks fr 
the compliment}  20.Ke2 {What can you do}  Nxh1 
21.Kd1 {your move}  Bd7 22.g4 {your move}  Rac8 
23.Ke2 Rc1 {.}  0-1

[Event "HCL-A077"]
[Site "www.playchess.de"]
[Date "2001.02.23"]
[Round "10"]
[White "Sccr"]
[Black "JL"]
[WhiteElo "1900"]
[BlackElo "1800"]
[PlyCount "41"]
[Result "1-0"]

1.e4 c5 2.Nf3 d6 3.d4 cxd4 4.Nxd4 Nf6 5.Nc3 Nc6 
6.Bc4 e6 7.Be3 Be7 8.Qe2 O-O 9.O-O-O a6 10.Bb3 Nd7 
11.g4 Nc5 12.Rhg1 Bd7 13.g5 b5 14.Nxc6 Nxb3+ 
15.axb3 Bxc6 16.e5 Qb8 17.Bd4 b4 18.Ne4 a5 19.Nf6+ 
Kh8 20.exd6 Bxd6 21.Qh5 1-0

[Event "HCL-A077"]
[Site "www.playchess.de"]
[Date "2001.02.23"]
[Round "15"]
[White "JL"]
[Black "QWZ"]
[WhiteElo "1800"]
[BlackElo "1900"]
[PlyCount "38"]
[Result "0-1"]

1.f4 c5 2.Nf3 Nc6 3.e4 d5 4.exd5 Qxd5 5.Nc3 Qd8 
6.Bc4 Nf6 7.d3 e6 8.f5 exf5 9.O-O Be7 10.Bg5 O-O 
11.Nh4 Ng4 12.Bxe7 Qxe7 13.Qe1 Qd6 14.Qg3 Qxg3 
15.hxg3 Nd4 16.Rac1 Be6 17.Bxe6 fxe6 18.Rce1 Rf6 
19.Na4 Nxc2 0-1

[Event "ACL-E002"]
[Site "www.playchess.de"]
[Date "2001.02.23"]
[Round "12"]
[White "dzwonek"]
[Black "peze"]
[WhiteElo "1626"]
[BlackElo "1876"]
[PlyCount "48"]
[Result "1/2-1/2"]

1.d4 {welcome again. I play here but do not use 
computer.}  Nf6 {Hello and Good Luck}  2.Nf3 g6 
3.c4 Bg7 4.Nc3 d5 5.e3 O-O 6.Bd2 c5 7.dxc5 Na6 
8.cxd5 Nxc5 9.Bc4 a6 10.a4 Bf5 11.Qe2 Nfe4 12.O-O 
Rc8 13.Rfd1 Nxc3 14.Bxc3 Bxc3 15.bxc3 Ne4 16.Rd4 
Qa5 17.Qb2 Qxc3 18.Qxc3 Nxc3 19.Nd2 b5 20.axb5 
axb5 21.Ra3 Nb1 22.Nxb1 bxc4 23.e4 e5 24.dxe6 
Bxe6 1/2-1/2

[Event "HCL-B191"]
[Site "www.playchess.de"]
[Date "2001.02.23"]
[Round "9"]
[White "assmonkey"]
[Black "archi"]
[WhiteElo "1048"]
[BlackElo "1200"]
[PlyCount "38"]
[Result "0-1"]

1.e4 {Bena suerte}  e5 {Nice to meet you. Good 
Luck}  2.Nf3 Nc6 3.Bb5 {A fitting opening.}  d6 
4.d4 a6 5.d5 axb5 6.dxc6 bxc6 7.Nc3 Bg4 8.h3 Bxf3 
9.Qxf3 b4 10.Ne2 Qd7 11.Bd2 d5 12.exd5 Rd8 
13.O-O-O Ra8 14.dxc6 Qe6 15.Qb3 Qxc6 16.Bxb4 Rb8 
17.a3 Qxg2 18.Qg3 Qe4 19.Rd2 Qxh1+ 0-1

[Event "ACL-A101"]
[Site "www.playchess.de"]
[Date "2001.02.23"]
[Round "2"]
[White "foxzy"]
[Black "Mother_Teresa"]
[WhiteElo "1456"]
[BlackElo "1474"]
[PlyCount "102"]
[Result "0-1"]

1.d4 d5 2.c4 Nf6 3.e3 Bf5 4.Nc3 e6 5.Nf3 Bb4 
6.Qa4+ Nc6 7.cxd5 Nxd5 8.Bd2 O-O 9.Bb5 Bxc3 
10.bxc3 Nb6 11.Qb3 Ne7 12.O-O a6 13.Be2 Qd5 14.c4 
Qe4 15.Bd3 Qxd3 16.Bb4 Qxc4 17.Bxe7 Qxb3 18.axb3 
Rfe8 19.Bh4 f6 20.Bg3 c6 21.Rfe1 Bc2 22.Ra3 Nd5 
23.Rc1 Be4 24.Nd2 Bg6 25.e4 Nb4 26.Bd6 Nd3 27.Rc3 
Red8 28.Rxd3 Rxd6 29.f3 Rad8 30.Ra4 c5 31.Nc4 
R6xd4 32.Rxd4 Rxd4 33.Kf2 b5 34.Rxa6 bxc4 35.bxc4 
Rxc4 36.Rxe6 Rc2+ 37.Kf1 Kf7 38.Rc6 c4 39.h4 h5 
40.g3 c3 41.Ke1 Rc1+ 42.Ke2 Rc2+ 43.Kd3 Rg2 
44.Rxc3 Rxg3 45.Kd4 Rh3 46.e5 Rxh4+ 47.Kd5 fxe5 
48.Kxe5 Rh3 49.Rc7+ Kg8 50.f4 Re3+ 51.Kd4 
Re4+ 0-1